-pan Definitions Quiz Stats

 Plays Quiz Updated Oct 23, 2018

Score 0/10 Timer 04:00
5 Plays Today
% Correct
Pan
93.2%
Lifespan
92.8%
Wingspan
92.7%
Deadpan
92.5%
Marzipan
92.5%
Span
78.8%
Trepan
70%
Pattypan
65.9%
Inspan
54.5%
Japan
36.5%

You're not logged in!

Compare scores with friends on all Sporcle quizzes.
OR
Log In

Show Comments

Extras

Top Quizzes Today


Score Distribution

Your Account Isn't Verified!

In order to create a playlist on Sporcle, you need to verify the email address you used during registration. Go to your Sporcle Settings to finish the process.

Report this User

Report this user for behavior that violates our Community Guidelines.

Details: